000 01004nam a2200265 i 4500
001 128978
003 ES-MaACL
005 20250824035441.0
007 t|
008 070601s1959 sp ||||1| spa d
080 _a86.0(85)-2"19"(082)
245 0 0 _aTeatro peruano contemporáneo /
_cprólogo de José Hesse Murga.
260 _aMadrid :
_bAguilar,
_c[1959]
300 _a404 p. :
_bil. ;
_c20 cm.
505 8 _aContiene: Esa luna que empieza / Percy Gibson Parra.-- Ayar Manko / Juan Ríos.-- La muerte de Atahualpa / Bernando Roca Rey.-- No hay isla feliz / Sebastian Salazar Bondy.-- Collacocha / Enrique Solary Swayne
650 1 7 _aTeatro peruano
_2
_917383
700 1 _aGibson Parra, Percy.
_956669
700 1 _aRíos, Juan.
_997369
700 1 _aSalazar Bondy, Sebastián.
_9101819
700 1 _aSolari Swayne, Enrique.
_9107103
700 1 _aRoca Rey, Bernardo.
_998008
700 1 _aHesse Murga, José.
_963474
852 _aES-MaACL
_jC-17492
_bR.45552
999 _c128978
_d128978